Statistics for Biggest Cities in Africa Quiz

Click here to take the quiz!

General Stats

  • This quiz has been taken 41,712 times
    (14,651 since last reset)
  • The average score is 14 of 21

Answer Stats

Population City % Correct
18.2 milCairo
98%
13.4 milJohannesburg / Pretoria
96%
4.13 milCape Town
93%
18.2 milLagos
90%
5.75 milNairobi
87%
3.83 milAlgiers
81%
11.6 milKinshasa
81%
3.65 milAddis Ababa
78%
5.85 milAlexandria
76%
4.33 milCasablanca
73%
5.95 milKhartoum
69%
7.65 milLuanda
65%
5.90 milDar es Salaam
65%
3.50 milDakar
62%
3.20 milAbuja
62%
5.10 milAccra
61%
3.25 milKampala
50%
3.33 milDurban
48%
5.35 milAbidjan
40%
4.40 milKano
24%
3.35 milIbadan
13%

Score Distribution

Percentile by Number Answered

Percent of People with Each Score

Your Score History

You have not taken this quiz since the last reset